Jozef Jankovič : plastiky : Mestská galéria v Bratislave : výstavná sieň MG : Primaciálny palác, 13. máj-16. jún 1968 /

Hlavní autor: Jankovič, Jozef, 1937-2017
Další autoři: Ďurdiaková, Eva, Medvecký, Ľudovít, 1930-2017
Jazyk: Němčina
Slovenština
Francouzština
Vydáno: Bratislava : Slovenský fond výtvarných umení, 1968
Témata:
Fyzický popis: 1 sv. (nestr.) : il.
Language note: Souběžný francouzský a německý text
Knihy
Uloženo v:
LEADER 01623nam a22003972a 4500
001 001613552
003 CZ BrMZK
005 20200709143756.0
007 ta
008 180124s1968 xo a erc||||||||||slo d
040 |a BOA001  |b cze  |e aacr2 
041 0 |a slo  |a fre  |a ger 
043 |a e-xo--- 
045 |a x-x- 
072 7 |a 73  |x Sochařství, keramika, porcelán, umělecké zpracování kovů  |2 Konspekt  |9 21 
080 |a 730(437.6)  |2 MRF 
080 |a 730.036/.038  |2 MRF 
080 |a (437.6)  |2 MRF 
080 |a (083.824)  |2 MRF 
100 1 |a Jankovič, Jozef,  |d 1937-2017  |7 jn99240000359  |4 art 
245 1 0 |a Jozef Jankovič :  |b plastiky : Mestská galéria v Bratislave : výstavná sieň MG : Primaciálny palác, 13. máj-16. jún 1968 /  |c [úvodný text katalogu] Eva Ďurdiaková ; biografiu a bibliografická data zpracoval Ľudovít Medvecký 
260 |a Bratislava :  |b Slovenský fond výtvarných umení,  |c 1968 
300 |a 1 sv. (nestr.) :  |b il. 
504 |a Obsahuje bibliografii 
546 |a Souběžný francouzský a německý text 
600 1 7 |a Jankovič, Jozef,  |d 1937-  |7 jn99240000359  |2 czenas 
648 7 |a 20. století  |7 ch460558  |2 czenas 
650 0 7 |a slovenské sochařství  |7 ph125677  |y 20. století  |2 czenas 
650 0 7 |a moderní sochařství  |7 ph122941  |z Slovensko  |2 czenas 
655 7 |a katalogy výstav  |7 fd132536  |2 czenas 
700 1 |a Ďurdiaková, Eva  |4 wfw 
700 1 |a Medvecký, Ľudovít,  |d 1930-2017  |7 mzk20201079472  |4 edt 
910 |a BOA001  |b X-0601.940 
990 |a BK 
991 |b 201801 
996 7 |b 2618926198  |c X-0601.940  |l MZK  |r Sklad / do 24 hodin  |n 0  |w 001648849  |u 000010  |a 1  |e BOA001  |j MZK50  |s A